000 00505nam a2200133Ia 4500
008 190813s9999 xx 000 0 und d
020 _a9781138200586
245 _cEdited by Jolie Ziomek-Daigle.--
_aCounseling children and adolescents :
_bworking in school and clinical mental health settings /
260 _aNew York :
_bRoutledge
_c2017
300 _a497 pages.
500 _aIncluded bibliographical references and index.
650 _aChildren -- counseling of.
650 _aTeenages -- counseling of.
999 _c362059
_d362059